000 00217nam a2200085Ia 4500
008 120527s9999 xx 000 0 und d
100 _aMansfield E.
245 _aStudy guide for principles of microeconomics
942 _cBK
999 _c26887
_d26887